00569nam a2200169 i 450000100060000000300090000600500170001500700030003200800410003510000300007624500590010626000410016530000220020685200320022899900170026095201220027742360ES-MaACL20230906160610.0t|030313s1966 sp ||||1| spa d1 aCastillo Neira, G.93675811a¿Dónde están los testigos? / cG. Castillo Neira. aVillava (Pamplona) : bOpe, c[1966] a161 p. ; c19 cm. aES-MaACLjC-32633 bR.63486 c42360d42360 00104070aATENEOMbATENEOMcDEPO2d2008-01-17eSCl0oC-32633p1044577r2023-02-23 00:00:00w2023-02-23yMONOGRAFIA